header

Anti-terrorist measures and human rights (Record no. 53000)

MARC details
000 -LEADER
fixed length control field 01768nam a2200361 a 4500
082 04 - DEWEY DECIMAL CLASSIFICATION NUMBER
Classification number 363.32
245 00 - TITLE STATEMENT
Title Anti-terrorist measures and human rights
260 ## - PUBLICATION, DISTRIBUTION, ETC. (IMPRINT)
Place of publication Leiden ;
-- Boston :
Name of publisher M. Nijhoff,
Year of publication 2004.
300 ## - PHYSICAL DESCRIPTION
Number of Pages xiv, 391 p.
500 ## - GENERAL NOTE
General note Papers from a symposium organized on the initiative of the Marangopoulos Foundation for Human Rights, by the European Training and Research Centre for Human Rights and Democracy and the Diplomatic Academy of Vienna held in Vienna on 30-31 October 2002.
General note At head of title: Marangopoulos Foundation for Human Rights, European Training and Research Centre for Human Rights and Democracy.
650 #0 - SUBJECT ADDED ENTRY--TOPICAL TERM
Topical Term Terrorism
Topical Term Human rights
Topical Term War on Terrorism, 2001-2009
700 1# - ADDED ENTRY--PERSONAL NAME
Personal name Yotopoulos-Marangopoulos, Alice.
Personal name Benedek, Wolfgang.
856 40 - ELECTRONIC LOCATION AND ACCESS
Uniform Resource Identifier http://site.ebrary.com/lib/rucke/Doc?id=10090518

No items available.

© 2026 Rongo University
Contact us: librarian | system librarian | Rongo university